| 000 | 005840000a22001930004500 | ||
|---|---|---|---|
| 041 | 0 | _aSPA | |
| 082 | 0 | 4 | _aG 230.04 N575c |
| 100 | 1 | _aNúñez Castañeda, Emilio A. (Antonio) (1923-) | |
| 245 | 1 | 0 | _aEl Cristo de Hispanoamérica / Emilio Antonio Núñez C. |
| 250 | _a1 | ||
| 260 | _aPuebla, Puebla., México : Las Américas | ||
| 300 | _a88 Pag | ||
| 650 | 1 | 4 | _aIGLESIA CATOLICA - AMERICA LATINA \ PROTESTANTISMO - AMERICA LATINA |
| 001 | 3435 | ||
| 942 | _cBK | ||
| 999 |
_c34102 _d34102 |
||
| 336 |
_atexto _btxt _2rdacontent |
||
| 337 |
_2rdamedia _asin mediación _bn |
||
| 338 |
_2rdacarrier _avolumen _bnc |
||